000 00685nam a2200241Ia 4500
003 OSt
005 20220928110530.0
006 a|||||r|||| 00| 0
007 ta
008 220927b |||||||| |||| 00| 0 eng d
024 _a122399
037 _cTextual
040 _aSDCL
_cSDCL
_beng
041 _2eng
_aeng
082 _aI9M,11p1,N84, M5
100 _aKey Joe L Ed.
_9419844
245 0 _aCellular and molecular biology of plant stress.
260 _aNew York
_b Alan R Liss
_c1985
300 _a494p
_ccm.
700 _a Kousge Tsune Ed.
_9419845
942 _hI9M,11p1,N84, M5
_cTEXL
_2CC
999 _c735999
_d735999